| 000 | 01222nas a2200325 i 4500 | ||
|---|---|---|---|
| 001 | 1911 | ||
| 003 | ES-MaACL | ||
| 005 | 20250809060201.0 | ||
| 008 | 950801d19521978sp br p 0 1 |spa d | ||
| 022 | _a0034-964X | ||
| 080 | _a368.4 | ||
| 245 | 0 | 0 |
_aRevista iberoamericana de seguridad social / _c[dir., Luis Jordana de Pozas]. |
| 246 | 3 | _aRISS, 1961, n.1- | |
| 260 |
_aMadrid : _bInstituto Nacional de Previsión, _c1952-1978 ( _fHijos de E. Minuesa) |
||
| 300 |
_a65 v. ; _c24 cm. |
||
| 310 | _aBimestral | ||
| 362 | 0 | _aAño 1, 1952, n. 1 (mayo-jun.)-año 27, 1978, n. 3 (mayo-jun.) | |
| 500 | _aIncluye: Apéndices españoles. | ||
| 555 | _aÍndices colocados junto con la revista. | ||
| 650 |
_aSeguridad social. _9136859 |
||
| 650 | 0 | 0 |
_aAsistencia social. Seguros. _910379 |
| 655 | 7 |
_2tgfbne _9226866 _aRevistas |
|
| 700 | 1 |
_aJordana de Pozas, Luis, _d1890-1983 _966931 |
|
| 700 | 1 |
_aFuente, Licinio de la. _952847 |
|
| 710 | 2 |
_aInstituto Nacional de Previsión (España) _95180 |
|
| 852 |
_aES-MaACL _jHEM-H-145 _dOlim: HEM-1178 _cHEM |
||
| 866 | 0 |
_o1952-70(1971)1972-1973(1974-1975)1976-1977(1978) _u1971(n.1)1974(n.2)1975(n.1) |
|
| 942 |
_2udc _cPERIODICA |
||
| 999 |
_c1911 _d1911 |
||